Personnages de Gladiator en Images - Statistiques

Statistiques générales
  • Ce quiz a été pris 42 fois
  • Le résultat moyen est 5 sur 10
Statistiques - réponses
Par images Réponse % Correct
Commode
91%
Maximus Decimus Meridius
91%
Marc Aurèle
73%
Lucius
55%
Quintus
45%
Lucilla
30%
Cicéron
27%
Proximo
27%
Gracchus
18%
Juba
9%
Aucun quiz correspondant
Distribution des résultats
% des personnes avec chaque résultat
Percentile par nombre de réponses
Votre historique - résultats
Vous n’avez pas pris ce quiz